| 000 | 00533nam a22001697a 4500 | ||
|---|---|---|---|
| 003 | BD-DhJNU | ||
| 005 | 20251021052941.0 | ||
| 008 | 251021b |||||||| |||| 00| 0 eng d | ||
| 040 |
_aBD-DhJNU _bENG _cBD-DhJNU _dBD-DhJNU |
||
| 082 |
_223 _a954.9205092 SHA |
||
| 245 |
_aShah A M S Kibria : _ba legend / _cedited by Mohammad Shahjahan |
||
| 260 |
_aDhaka : _bBangla Prakashani, _c2005. |
||
| 300 |
_a256p. : _bill. ; _c22 cm. |
||
| 650 | _a A man much missed in the land | ||
| 700 |
_aShahjahan, Mohammad _eeditor |
||
| 942 |
_2ddc _cBK _n0 |
||
| 999 |
_c2299 _d2299 |
||